Islands of history

Αποθηκεύτηκε σε:
Λεπτομέρειες βιβλιογραφικής εγγραφής
Κύριος συγγραφέας: Sahlins, Marshall, 1930-
Μορφή: Βιβλίο
Γλώσσα:English
Δημοσίευση: Chicago : University of Chicago, 1985.
Θέματα:
Ετικέτες: Προσθήκη ετικέτας
Δεν υπάρχουν, Καταχωρήστε ετικέτα πρώτοι!

MARC

LEADER 00000cam a2200000 i 4500
001 1/82877
008 960718s1985 ilu| ||| |||| ||eng||
020 |a 0226733580 
035 |l 10005622 
040 |a GR-MyUa  |b gre  |e AACR2 
041 0 |a eng 
082 7 |a 990   |2 (22) 
100 1 |a Sahlins, Marshall,   |d 1930- 
245 1 0 |a Islands of history /   |c Marshall Sahlins. 
260 |a Chicago :   |b University of Chicago,   |c 1985. 
300 |a 180 σ. :   |b εικ. ;   |c 23 εκ. 
504 |a Περιλαμβάνει βιβλιογραφικές παραπομπές και ευρετήριο. 
651 0 |a Oceania  |x History. 
651 0 |a Oceania  |x Civilization. 
767 0 8 |i Μεταφρασμένο ως:   |t Des Iles dans l'histoire /  
852 |a INST  |b LESVOS  |e 19960718  |h 990 SAH  |p 005100003504  |q 005100003504  |t BK  |y 0